| 000 | 00517nam a2200169Ia 4500 | ||
|---|---|---|---|
| 999 |
_c14409 _d14409 |
||
| 003 | OSt | ||
| 005 | 20231227160749.0 | ||
| 008 | 190216s9999||||xx |||||||||||||| ||und|| | ||
| 040 | _coclc | ||
| 082 |
_a822.83 _bSHA/M |
||
| 100 | 1 |
_aShakespeare, William, _d1564-1616 _vAdaptations _974 |
|
| 245 | 0 |
_aMuch Ado About Nothing / _cWilliam Shakespeare |
|
| 260 |
_bCambridge Uty Press, _c1969. _aLondon: |
||
| 300 | _a280p | ||
| 650 | _aEnglish Drama | ||
| 942 |
_cBK _2ddc _h822.83 _iSHA/M _k822.83 _mSHA/M |
||